LEADER 01236nam a2200301 a 4500 001 000000126388 003 CaOOAMICUS 005 20110922135810.0 008 110922s2011 it u000 u ita r 040 $aPUL$bita 041 1 $aita$heng 082 04$a909 100 1 $aDe Madariaga, Isabel.$0(OLS)http://pul/name/80400 240 10$aRussia in the age of Catherine the Great.$lItaliano.$0(OLS)http://pul/title/159620 245 10$aCaterina di Russia /$c[Isabel de Madriaga]. 260 $aMilano :$bMondadori,$cİ2011. 300 $aXVII, 847 p. ;$c18 cm 490 1 $aI classici della storia ;$v54 504 $aInclude riferimenti bibliografici ed indice. 600 04$aCaterina$bII,$cimperatrice di Russia,$d1729-1796.$0(OLS)http://pul/subject/29870 830 0$aClassici della storia ;$v54.$0(OLS)http://pul/title/155349 850 $aPUL 852 $aPUL$W1$xSL Cons. Gen., Altre Classi 3$y75$m909 COLL 3.54$j145860$qDDC 21$B144657$CPULBib$Z2$F144657 $H117991 $82 941 1 $a9 996 $6082$a909$9(OLS)http://pul/classification/566 996 $6245$aCaterina di Russia$9(OLS)http://pul/title/159621 996 $6260$aMilano :$bMondadori$9(OLS)http://pul/publisher/50297 LEADER 01186nam a2200289 a 4500 001 000000135398 003 CaOOAMICUS 005 20130905150527.0 008 130905s1993 it u000 u ita r 020 $a88-04-37086-6 040 $aPUL$bita 100 1 $aCalvino, Italo,$d1923-1985.$0(OLS)http://pul/name/38596 245 13$aIl cavaliere inesistente /$cItalo Calvino ; presentazione dell'autore. 260 $aMilano :$bA. Mondadori,$cİ1993. 300 $aXLIII, 126 p. ;$c19 cm 490 1 $aOscar Mondadori 490 1 $aOpere di Italo Calvino 800 1 $aCalvino, Italo,$d1923-1985.$tOpera omnia.$0(OLS)http://pul/nameTitle/1793$0(OLS)http://pul/name/38596$0(OLS)http://pul/title/2415 830 0$aOscar Mondadori.$0(OLS)http://pul/title/18338 850 $aPUL 852 $aPUL$W1$xDP1 Fondo E. Rossi$y115$m2 A 60$j155982$qFondi$B155437$CPULBib$Z2$F155437 $82 941 1 $a1 961 $aSul dorso collocazione ms. di E. Rossi: I 40 1 996 $6020$a88-04-37086-6$9(OLS)http://pul/number/153524 996 $6245$aIl cavaliere inesistente$9(OLS)http://pul/title/171203 996 $6260$aMilano :$bA. Mondadori$9(OLS)http://pul/publisher/48249